عرض عادي
عرض مارك
- Hancock, Mark.
مدخل إسم شخص
001 - رقم الضبط
- حقل الضبط: 52473
003 - معرف رقم الضبط
- حقل الضبط: OSt
005 - تاريخ ووقت أخر عملية
- حقل الضبط: 20151014171704.0
008 - عناصر بيانات ثابتة الطول
- حقل تحكم ثابت الطول: 151014|| aca||aabn | a|a d
040 ## - مصدر الفهرسة
- هيئة الفهرسة الأصلية: OSt
- وكالة الكتابة: OSt
100 ## - مدخل -- أسم شخص
- إسم شخص: Hancock, Mark.
670 ## - بيانات المصدر موجوده
- الاستشهاد بالمصدر: Work cat.: (OSt)0: Hancock, Mark., English pronunciation in use. Intermediate : Self-study and classroom use /
